A catalogue of pisces in the collection of the Arunachal Pradesh regional centre / (Record no. 143830)

MARC details
000 -LEADER
fixed length control field 00669nam a22002057a 4500
005 - DATE AND TIME OF LATEST TRANSACTION
control field 20170825142502.0
010 ## - LCCN (DPL NO)
LC control number ENG-120077
020 ## - INTERNATIONAL STANDARD BOOK NUMBER
Terms of availability 700.00
International Standard Book Number 9788181714220
035 ## - SYSTEM CONTROL NUMBER
System control number EN-103609
037 ## - SOURCE OF ACQUISITION
Source of stock number/acquisition DBAD/PUB
082 ## - DEWEY DECIMAL CLASSIFICATION NUMBER
Classification number 519.05
100 ## - MAIN ENTRY--PERSONAL NAME
Personal name Sinha, B.
245 ## - TITLE STATEMENT
Title A catalogue of pisces in the collection of the Arunachal Pradesh regional centre /
Statement of responsibility, etc by B. Sinha [and] L.Tamang
260 ## - PUBLICATION, DISTRIBUTION, ETC. (IMPRINT)
Place of publication, distribution, etc Kolkata
Name of publisher, distributor, etc Zoological Survey of India
Date of publication, distribution, etc 2015
270 ## - ADDRESS
Address M-Block, New Alipore,
City Kolkata
Postal code 700053
300 ## - PHYSICAL DESCRIPTION
Extent 107p. :
Dimensions 24cm(pbk)
Other physical details ill.(col. plate-4)
500 ## - GENERAL NOTE
General note Includes references
700 ## - ADDED ENTRY--PERSONAL NAME
Personal name Tamang, L.
942 ## - ADDED ENTRY ELEMENTS (KOHA)
Source of classification or shelving scheme Dewey Decimal Classification
Item type English Books
Classification part 591.05
Call number suffix SIN
Holdings
Withdrawn status Lost status Not for loan Collection code Home library Current library Date acquired Source of acquisition Cost, normal purchase price Full call number Barcode Copy number Cost, replacement price Koha item type
    Not For Loan Non-fiction D.B.Act.Division D.B.Act.Division 25/08/2017 DBAD/PUB 700.00 591.05 SIN EN-103609 1 700.00 English Books

© Delhi Public Library
Hit Counter
free hit counter